L'Atlantide (Registro nro. 86079)

Detalles MARC
000 -ENCABEZADO
Número de control [NR] 00615nam a22001937a 4500
008 - DE LONGITUD FIJA DE DATOS DE ELEMENTOS - INFORMACIÓN GENERAL
Elementos de longitud fija [NR] 130821s1930 fr gr fre
040 ## - FUENTE DE CATALOGACION [NR]
Agencia de catalogación original [NR] Co-BoUCM
Idioma de catalogación [NR] spa
041 00 - CODIGO DE IDIOMA [R]
Código de idioma para texto/pista de sonido o título separado [R] Francés
100 ## - ASIENTO PRINCIPAL--NOMBRE PERSONAL [NR]
Nombre personal [NR] Benoit, Pierre
Fechas asociadas con el nombre [NR] 1886-1962
ID Autoridad 149645
245 03 - MENCION DE TITULO [NR]
Título [NR] L'Atlantide
Mención de responsabilidad, etc. [NR] Pierre Benoit ; Illustrations de Pierre Rousseau
260 ## - PUBLICACION, DISTRIBUCION, ETC. (PIE DE IMPRENTA) [R]
Lugar de publicación, distribución, etc. [R] París (Francia)
Nombre del editor, distribuidor, etc. [R] Henri Cyral
Fecha de publicación, distribución, etc. [R] 1930
300 ## - DESCRIPCION FISICA [R]
Extensión [R] 330 páginas
490 ## - MENCION DE SERIE [R]
Mención de serie [R] Collection Francise
500 ## - NOTA GENERAL [R]
Nota general [NR] Incluye índice
600 ## - ASIENTO SECUNDARIO DE MATERIA - NOMBRE PERSONAL [R]
Nombre personal [NR] Castro Silva
9 (RLIN) 563
650 04 - ASIENTO SECUNDARIO DE MATERIA - TERMINO TEMATICO [R]
Término temático o nombre geográfico como elemento de entrada [NR] Novela francesa
9 (RLIN) 20506
942 ## - ELEMENTOS DE ENTRADA AGREGADOS (KOHA)
Tipo de ítem principal el descrito en 300a Libro
Tema principal Literatura
Edición 1
Parte restante de la signatura top. B35A
Título oculto en OPAC No
Sistema de clasificación DEWEY
Clasificación 843
Existencias
Signatura topográfica Código de barras Última vez visto Volúmen / Fascículo Ejemplar Price effective from Tipo de ítem Perdido Sistema de clasificación Dañado No prestable Tipo de ítem específico Suprimido Ubicación habitual Ubicación actual Localización Fecha de creación Forma de adquisición Costo
FCS 843 B35A 120001570 10/07/2012 1930 Ej.1 03/02/2013 Libro   DEWEY     Fondos especiales     Archivo Histórico Archivo histórico 28/02/2003 Donación 1000.00